| 000 | 00926nam a2200265Ia 4500 | ||
|---|---|---|---|
| 003 | OSt | ||
| 005 | 20220923211044.0 | ||
| 006 | a|||||r|||| 00| 0 | ||
| 007 | ta | ||
| 008 | 220922b |||||||| |||| 00| 0 hin d | ||
| 020 |
_a8174530983 (hbk) _c200 |
||
| 024 | _a235,225 | ||
| 037 |
_b346, 13/03/2008, Swaraj Prakashan _cTextual |
||
| 040 |
_aARTS _cARTS _bhin |
||
| 041 |
_2hin _ahin |
||
| 082 | _aO152:g, P3 | ||
| 100 |
_aशर्मा, महेन्द्रपाल _9157675 |
||
| 245 | 0 | _aसाहित्य - चिंतन | |
| 246 | _aSāhitya - chiantana | ||
| 260 |
_aनई दिल्ली _b संजय प्रकाशन _c2003 |
||
| 300 |
_a100पृ. _ccm. |
||
| 650 |
_aहिन्दी साहित्य _9156264 |
||
| 942 |
_hO152:g, P3 _cTEXL _2CC |
||
| 999 |
_c294586 _d294586 |
||